000 02346cam a22004814i 4500
003 PE-LiUPU
005 20250731173418.0
008 150706s2009 cr a rb 000 0 spa d
035 _a(Sirsi) a51081
040 _aPE-LiUPU
_bspa
_cPE-LiUPU
_erda
049 _aPRUA
082 0 4 _a239
_bC74
_221
110 2 _aConfraternidad Latinoamericana de Iglesias Reformadas
245 1 1 _a¡Alerta roja! :
_b¿está tu alma en peligro?, los engaños sutiles de los falsos maestros /
_cConfraternidad Latinoamericana de Iglesias Reformadas.
250 _aSegunda edición.
264 1 _aCosta Rica :
_bClir,
_c2009.
300 _a187 páginas :
_bilustraciones ;
_c21 centímetrosa
336 _atext
_2rdacontent
337 _aunmediated
_2rdamedia
338 _avolume
_2rdacarrier
504 _aIncluye notas bibliográficas al pie de página.
505 0 _aApóstoles y charlatanes -- La "Subasta Santa" -- Mercaderes del evangelio -- ¿Cuánto cuesta el "show"? -- ¿Se predica hoy otro evangelio? -- El mensaje del movimiento "La palabra de fe" -- Los "derechos del diablo" -- Señales y prodigios: el don del Espíritu Santo -- ¿Terapia humanista - o evangelio? -- ¿Pobreza escogida? -- Guerra espiritual -- América latina - ¿presa fácil para el nuevo paganismo? -- Crisis en las iglesias evangélicas -- Desarrollando una cosmovisión bíblica -- La verdadera esencia del avivamiento -- Los ciegos también ven -- ¿Cómo reformar la iglesia? -- ¿Dónde están los atalayas? -- Pastor - ¡Por favor predica a Cristo!.
526 _aSEG42
526 _aSEG41
526 _aSEG40
526 _aSEG39
526 _aP94
526 _aP87
526 _aP86
526 _aP85
526 _aP77
526 _aP76
526 _aP35
541 _g001-0000575;
650 1 4 _aApologética.
_92321
650 2 4 _aCristianismo.
910 _agl
_cjck
_d20120607
942 _2ddc
_cBOOK
949 _a239 C74
_wDEWEY
_c1
_i64872
_lCCODEBUL1
_mBUL
_p18.00
_r0
_sY
_tLIBRO
_u2015-07-06
_xTEOLOGIA
_PP35
_o.STAFF. Colección General
994 _aC0
_bPEPRU
596 _a1
999 _a239 C74
_wDEWEY
_c53577
_i64872
_f2021-11-10
_g5
_lCCODEBUL1
_mBUL
_p18.00
_r0
_sY
_tBOOK
_u2015-7-6
_xTEOLOGIA
_PP35
_0COMPRA
_o.STAFF. Colección Teología
_d53577
980 _81
_gALBERTO SANCHEZ Responsable de Automatización